000 00721cam a2200217 4500
001 sa 68016316
003 DLC
005 20260227112653.0
008 700709s1967 ii 00010 eng
010 _asa 68016316 //r913
025 _aPL480:I-E-10249
040 _aDLC
_cDLC
_dDLC
050 0 0 _aDS485.M28
_bD44
100 1 0 _aTēvanēyan̲, Ñā.
_q(Ñānamuttan̲),
_d1902-1981.
245 1 4 _aThe language problem of Tamil Nad & its logical solution,
_cby G. Devaneyan.
260 0 _a[Madras];
_bcopies can be had of Mani, Katpadi Extension, North Arcot Dt.
_c[1967]
300 _a109 p.
_c22 cm.
350 _a2.00
651 0 _aTamil Nadu (India)
_xLanguages.
650 0 _aLanguage and languages
_xPolitical aspects.
999 _c87022
_d87022